| 000 | 00933nam a22002297a 4500 | ||
|---|---|---|---|
| 001 | 12753 | ||
| 005 | 20251208065106.0 | ||
| 008 | 240726b |||||||| |||| 00| 0 eng d | ||
| 020 | _a?? | ||
| 040 |
_aBSULIB _cBSULIB _dBSULIB |
||
| 082 |
_222 _a305.23 _bLEA |
||
| 110 |
_aNCDC _dNCDC 2005 _926142 |
||
| 245 | _aLearning framework for early childhood development / | ||
| 250 | _a1st ed. | ||
| 260 |
_aKampala, Uganda : _bNational curriculum development center , _c2005. |
||
| 300 |
_aviii, 68 p. ; _c24 cm. |
||
| 500 | _a(3 - 6 years of age). | ||
| 505 | _a1. Relating with others in an acceptable way 2. Interacting, exploring, knowing and using my environment 3. Taking care of myself for proper growth and development 4. Developing and using mathematical concepts in my day -to- day experiences 5. Developing and using my language appropriately | ||
| 650 | _2childhood development | ||
| 650 | _2Literacy | ||
| 942 |
_2ddc _cBK |
||
| 999 |
_c12753 _d12753 |
||